Countries whose capital are not their largest city - Statistics

General Stats
  • This quiz has been taken 26 times
  • The average score is 29 of 40
Answer Stats
Largest City Conitinent Answer % Correct
Belize City North America Belize
100%
Lagos Africa Nigeria
100%
Karachi Asia Pakistan
100%
Cape Town / Johannesburg Africa South Africa
100%
Ho Chi Minh City Asia Vietnam
100%
Toronto North America Canada
96%
Shanghai Asia China
96%
Casablanca Africa Morocco
96%
Auckland Oceania New Zealand
96%
Aleppo Asia Syria
96%
Istanbul Asia Turkey
96%
Dubai Asia United Arab Emirates
96%
New York City North America United States of America
96%
Sydney Oceania Australia
92%
Colombo / Kandy Asia Sri Lanka
92%
São Paulo South America Brazil
88%
Mumbai Asia India
88%
Monte Carlo Europe Monaco
88%
Zürich Europe Switzerland
88%
New Taipei Asia Taiwan
85%
Dar es Salaam Africa Tanzania
85%
Almaty Asia Kazakhstan
81%
Nasinu Oceania Fiji
77%
Santa Cruz de la Sierra South America Bolivia
73%
Guayaquil South Africa Ecuador
73%
Yangon Asia Myanmar
73%
Betio Oceania Kiribati
69%
Koror Oceania Palau
69%
Abidjan Africa Côte d'Ivoire
65%
Weno Oceania Federated States of Micronesia
62%
Ebeye Oceania Marshall Islands
58%
Cotonou Africa Benin
54%
Schaan Europe Liechtenstein
38%
Douala Africa Cameroon
35%
Birkirkara Europe Malta
31%
Bata Africa Equatorial Guinea
23%
Manzini Africa Swaziland
19%
Dogana Europe San Marino
15%
Serekunda Africa Gambia
12%
Chaguanas North America Trinidad and Tobago
8%
No matching quizzes found
Score Distribution
Percent of People with Each Score
Percentile by Number Answered
Your Score History
You have not taken this quiz